|
|
|
|
| LEADER |
00000naa2a2200000 4500 |
| 001 |
678092 |
| 005 |
20250117133235.0 |
| 090 |
|
|
|a 678092
|
| 100 |
|
|
|a 20250113d2024 k||y0rusy50 ba
|
| 101 |
0 |
|
|a eng
|
| 102 |
|
|
|a RU
|
| 135 |
|
|
|a drcn ---uucaa
|
| 200 |
1 |
|
|a Development of the course «Fundamentals of development and operations methodology» in the blended learning format
|f С. Г. Небаба
|
| 320 |
|
|
|a Литература: 10 назв
|
| 330 |
|
|
|a The paper considers the process of developing the course «Fundamentals of Development and Operations Methodology» in the format of blended learning. An analysis of the possibilities of presenting these materials in the format of blended learning was carried out. The application of various approaches for materials presentation in remote learning is considered
|
| 336 |
|
|
|a Текстовый файл
|
| 463 |
|
1 |
|0 677504
|t Язык. Общество. Образование
|o сборник научных трудов V Международной научно-практической конференции «Лингвистические и культурологические аспекты современного инженерного образования», Томск, 13-15 ноября 2024 г.
|f Национальный исследовательский Томский политехнический университет (ТПУ); гл. ред. Ю. В. Кобенко
|v С. 303-310
|d 2024
|9 677504
|c Томск
|n Изд-во ТПУ
|u conference_tpu-2024-C85_V2.pdf
|
| 545 |
1 |
|
|a Гуманитарные технологии в инженерном образовании
|
| 610 |
1 |
|
|a электронный ресурс
|
| 610 |
1 |
|
|a труды учёных ТПУ
|
| 610 |
1 |
|
|a Development and Operations
|
| 610 |
1 |
|
|a blended learning
|
| 610 |
1 |
|
|a remote learning
|
| 610 |
1 |
|
|a Bloom’s taxonomy
|
| 610 |
1 |
|
|a padagogy wheel
|
| 700 |
|
1 |
|a Небаба
|b С. Г.
|c математик
|c старший преподаватель Томского политехнического университета, кандидат технических наук
|f 1989-
|g Степан Геннадьевич
|9 14260
|
| 801 |
|
2 |
|a RU
|b 63413507
|c 20250113
|g RCR
|
| 856 |
4 |
|
|u http://earchive.tpu.ru/handle/11683/82064
|z http://earchive.tpu.ru/handle/11683/82064
|
| 942 |
|
|
|c CF
|